000
00456nam a2200181Ia 4500
008
090124s9999 xx 000 0 und d
082
_b
123629
100
_a
गांगल वसंत
245
_a
प्राची
250
_a
1
260
_c
1989
300
_a
160
600
_a
गांगल वसंत
630
_a
प्राची
700
_a
गांगल वसंत
730
_a
प्राची
942
_c
BOOK
999
_c
169716
_d
169716